Normal view
MARC view
Entry Geographic Name
001 - CONTROL NUMBER
- control field: 24294
003 - CONTROL NUMBER IDENTIFIER
- control field: ARRUPE
005 - DATE AND TIME OF LATEST TRANSACTION
- control field: 20160503095520.0
008 - FIXED-LENGTH DATA ELEMENTS
- fixed length control field: 160503|| aca||aabn | a|a d
040 ## - CATALOGING SOURCE
- Original cataloging agency: ARRUPE
- Transcribing agency: ARRUPE
151 ## - HEADING--GEOGRAPHIC NAME
- Geographic name: Nigeria
- General subdivision: Politics and government
- Chronological subdivision: 1984-1993
- General subdivision: Poetry.
670 ## - SOURCE DATA FOUND
- Source citation: Work cat.: (ARRUPE)0: For Ken, for Nigeria :, 1996.